[Event "Muenster"]
[Site "Muenster"]
[Date "1992.??.??"]
[Round "2"]
[White "Blatny, Pavel"]
[Black "Hoffmann, Michael"]
[Result "0-1"]
[WhiteElo "2515"]
[BlackElo "2425"]
[Annotator "Horn,Pe"]
[PlyCount "118"]
[EventDate "1992.07.??"]
[EventType "tourn"]
[EventRounds "11"]
[EventCountry "GER"]
[EventCategory "8"]
[SourceTitle "CBM 031"]
[Source "ChessBase"]
[SourceDate "1992.12.01"]
[SourceVersion "1"]
[SourceVersionDate "1992.12.01"]
[SourceQuality "1"]

1. Nf3 Nf6 2. b3 c5 3. Bb2 e6 4. g3 b6 5. Bg2 Bb7 6. O-O Be7 7. d3 (7. c4 {
üblich}) 7... d5 8. Nbd2 O-O 9. Re1 (9. e4 $1) 9... Nc6 10. e4 Qc7 (10... d4 $5
11. Ng5 (11. Qe2 e5 12. c4 g6 13. Rf1 Nh5 14. Ne1 Bg5 $17 {Vaganian-Kurajica,
URS-YU 76}) 11... Ne8 12. Nh3 e5 13. Bc1 Nd6 14. f4 f6 15. f5 $13 {
Karlsson-Browne, 83}) 11. exd5 (11. e5 Nd7 12. Qe2 Rae8 {/\ f6<=>}) 11... Nxd5
$1 12. Ne4 (12. Nc4 $5 $10) 12... Rad8 13. Qd2 f6 $1 14. Qe2 e5 15. c4 Ndb4 16.
Red1 Nd4 17. Nxd4 exd4 18. Bc1 $2 (18. a3 Nc6 19. f4 $10) 18... f5 19. Nd2 (19.
Ng5 Bxg5 20. Bxg5 Rde8 $17) 19... Rde8 20. Bxb7 Qxb7 21. Qf3 Qd7 22. a3 Nc6 23.
Qg2 (23. Nf1 Ne5 24. Qg2 g5 $40) 23... f4 $1 24. Re1 fxg3 25. hxg3 Bd8 26. Rxe8
(26. Ne4 Ne5 $17) 26... Rxe8 27. Qf1 Ne5 28. f4 Ng4 29. Ne4 Nf6 30. Nxf6+ Bxf6
31. Ra2 (31. Bd2 Qg4 32. Qg2 Re2 33. Qd5+ Kf8 34. Qa8+ Kf7 35. Qb7+ Kg6 $17)
31... Qg4 32. Kg2 h5 33. Qf3 (33. Rf2 h4 34. Rf3 hxg3 35. Rxg3 Re2+ 36. Kh1
Qh4+ 37. Rh3 Re1 $19) 33... Re1 34. Qxg4 hxg4 35. Bd2 (35. Rc2 Rd1 36. Bd2 Rb1
37. b4 Rb3) 35... Rb1 36. Kf2 Rxb3 37. Ke2 Kf7 38. a4 Rb1 39. a5 b5 40. cxb5
Rxb5 41. a6 Bd8 42. Kd1 Ke6 43. Kc2 Kd5 44. Ra4 Rb6 45. Ra1 Bf6 46. f5 Kc6 47.
Ra3 Be5 48. Ra1 c4 49. Ra5 cxd3+ 50. Kxd3 Bxg3 51. Kxd4 Bf2+ 52. Ke4 g3 53. Ra1
g2 54. Rc1+ Kd7 55. Be3 g1=Q 56. Rxg1 Bxg1 57. Bxg1 Rxa6 58. Bc5 Ra4+ 59. Kf3
Ke8 0-1

[Event "FRA-ch"]
[Site "Montpellier"]
[Date "1991.??.??"]
[Round "?"]
[White "Bricard, Emmanuel"]
[Black "Koch, Jean Rene"]
[Result "1/2-1/2"]
[WhiteElo "2390"]
[BlackElo "2455"]
[Annotator "Horn,Pe"]
[PlyCount "160"]
[EventDate "1991.08.??"]
[EventType "tourn"]
[EventRounds "15"]
[EventCountry "FRA"]
[EventCategory "8"]
[SourceTitle "CBM 027"]
[Source "ChessBase"]
[SourceDate "1992.04.01"]
[SourceVersion "1"]
[SourceVersionDate "1992.04.01"]
[SourceQuality "1"]

1. Nf3 Nf6 2. b3 d6 3. Bb2 e5 4. c4 g6 5. d3 Bg7 6. g3 Bg4 (6... O-O $10) 7.
Bg2 Qc8 8. h3 Bd7 9. Nc3 O-O 10. e3 Nc6 11. Qe2 a6 12. Nd2 Rb8 13. g4 h6 14.
O-O (14. O-O-O b5 $13) 14... Ne7 15. f4 h5 16. fxe5 dxe5 17. Ba3 Re8 18. g5 Nh7
19. Bxe7 Rxe7 20. h4 (20. Nd5 Re8 21. h4 $16) 20... Bg4 21. Qf2 c6 22. Bf3 $2 (
22. Nde4 $16) 22... Bh3 23. Bg2 Qg4 24. Qf3 Qxg2+ 25. Qxg2 Bxg2 26. Kxg2 Rd8
27. Nde4 Rxd3 28. Kf3 Rd8 (28... f5 $1 29. gxf6 Bxf6 $17) 29. Ke2 Red7 30. Na4
Rf8 31. Nac5 $146 Rc7 32. Rad1 Ra8 33. Nd7 Nf8 34. Nb6 Re8 35. c5 Ne6 36. Nc4
Ree7 37. b4 Red7 38. Ned6 Rd8 39. Rf2 Bf8 40. Nxe5 a5 41. Nexf7 Ra8 42. a3 axb4
43. axb4 Bg7 44. Nh6+ Kh7 45. Ne4 Bxh6 46. gxh6 Ra2+ 47. Rd2 Rxd2+ 48. Kxd2
Kxh6 49. Nd6 Kh7 50. e4 Re7 51. Ke3 g5 52. hxg5 Nxg5 53. Rg2 Ne6 54. Kf3 Rg7
55. Rh2 Kg6 56. e5 Ng5+ 57. Kg3 Nf7 58. Kf4 Nd8 59. Rg2+ Kh7 60. Rh2 Kg6 61.
Rg2+ Kh7 62. Rxg7+ Kxg7 63. Kf5 Kf8 64. Kf6 h4 65. e6 Nxe6 66. Kxe6 h3 67. Ne4
h2 68. Nf2 Ke8 69. Kf5 Ke7 70. Kf4 Ke6 71. Ke4 Ke7 72. Kf3 Ke6 73. Kg2 Kd5 74.
Ng4 Kc4 75. Nf6 Kxb4 76. Nd7 Kb5 77. Kxh2 b6 78. cxb6 Ka6 79. Kg3 Kb7 80. Kf4
c5 1/2-1/2

[Event "Athens Akropolis 15th"]
[Site "Athens"]
[Date "1992.05.16"]
[Round "3"]
[White "Mastrokoukos, Georgios"]
[Black "Knaak, Rainer"]
[Result "1/2-1/2"]
[WhiteElo "2330"]
[BlackElo "2505"]
[Annotator "Horn,Pe"]
[PlyCount "48"]
[EventDate "1992.05.14"]
[EventType "tourn"]
[EventRounds "9"]
[EventCountry "GRE"]
[EventCategory "8"]
[SourceTitle "CBM 030"]
[Source "ChessBase"]
[SourceDate "1992.10.01"]
[SourceVersion "1"]
[SourceVersionDate "1992.10.01"]
[SourceQuality "1"]

1. Nf3 e6 2. g3 b5 3. Bg2 Bb7 4. O-O c5 5. d3 Nf6 6. e4 Nc6 (6... d6 {
Kortschnoj's Wahl}) 7. e5 {nimmt die Herausforderung an} Nd5 8. c4 bxc4 9. dxc4
Nb6 10. b3 (10. Qe2 $5 {/\ Rd1}) 10... d5 11. exd6 Qf6 (11... Bxd6 12. Nc3 $14)
12. Qd2 {/\ Bb2} Qxa1 13. Nc3 O-O-O 14. Ba3 $1 Qxf1+ 15. Kxf1 Bxd6 16. Qg5 (16.
Qe3 $5 Nd7 17. Ne4 Be7 18. Nxc5 $36) 16... Nd7 17. Qxg7 Nce5 18. Nb5 Bf8 (18...
Bb8 19. Nxe5 Bxg2+ 20. Kxg2 Nxe5 21. Bxc5 $16) 19. Qxh8 Nxf3 20. Bxf3 (20. Qc3
Nde5 (20... Nxh2+ 21. Kg1 $16) 21. Qa5 Rd7 $1 (21... Nxh2+ $4 22. Ke2) (21...
Rd1+ 22. Ke2 Re1+ 23. Qxe1 Nxe1 24. Bxb7+ Kxb7 25. Kxe1 $16 Nf3+ 26. Ke2 Nxh2
$2 27. f3) 22. Nxa7+ (22. Ke2 a6 $40) 22... Kb8 23. Nb5 Nxh2+ (23... Nd2+ 24.
Kg1 Ndf3+ 25. Kf1 $10) 24. Kg1 Nef3+ 25. Bxf3 Nxf3+ 26. Kg2 Rd1) 20... Bxf3 21.
Qc3 Ne5 $1 22. Qxe5 $8 Rd1+ 23. Qe1 Bg2+ 24. Ke2 Bf3+ 1/2-1/2

[Event "Chigorin Memorial 07th"]
[Site "St Petersburg"]
[Date "1999.11.09"]
[Round "8"]
[White "Loginov, Valery A"]
[Black "Terekhov, Andrey"]
[Result "1-0"]
[WhiteElo "2530"]
[BlackElo "2316"]
[Annotator "Horn,Pe"]
[PlyCount "93"]
[EventDate "1999.11.02"]
[EventType "swiss"]
[EventRounds "9"]
[EventCountry "RUS"]
[SourceTitle "CBM 074"]
[Source "ChessBase"]
[SourceDate "2000.02.01"]
[SourceVersion "1"]
[SourceVersionDate "2000.02.01"]
[SourceQuality "1"]

1. Nf3 Nf6 2. g3 b5 3. Bg2 Bb7 4. O-O e6 5. d3 Be7 6. e4 d5 7. Nbd2 c5 8. a4 b4
9. exd5 $146 (9. Re1 Nc6 10. b3 Rc8 11. Bb2 O-O 12. h4 Na5 13. exd5 exd5 14.
Ne5 Rc7 15. Nf1 Bc8 16. Ne3 d4 17. N3c4 Nxc4 {1/2-1/2 Dzindzichashvili,
R-Agdestein,S/Manila 1990}) 9... Bxd5 (9... exd5 $5) 10. Nc4 O-O 11. Bf4 Nbd7
12. a5 Qc8 (12... Nh5) 13. Re1 Rd8 14. Qe2 Qa6 15. Ne3 Bb7 16. Nd2 Bxg2 17.
Kxg2 {[%csl Gc4]} h6 18. Nec4 Nd5 19. Be3 Bf6 20. Qf3 Ne5 21. Nxe5 Bxe5 22. Nc4
Bd6 23. Bd2 Rac8 24. h4 Qc6 25. b3 Nf6 26. Qxc6 Rxc6 27. Kf3 $14 Nd5 28. g4 {
Lehrreich: Weiß besitzt auf dem Damenflügel einen klaren Vorteil. Dort kann er
aber keine direkten Fortschritte erzielen; so baut er eine zweite Front auf.}
Bc7 29. Rg1 f6 30. g5 hxg5 31. hxg5 fxg5 (31... Kf7 32. g6+ $14) 32. Rxg5 Rf8+
33. Ke2 Bf4 34. Rg2 Rc7 35. Rag1 Rcf7 (35... Bxd2 36. Kxd2 Rcf7 $14) 36. Be3
Bxe3 (36... Nxe3 37. fxe3 Bh6 $14) 37. fxe3 Nc3+ 38. Ke1 Rc7 39. Rg6 Re8 40.
Ne5 Nd5 41. e4 Nc3 42. Rf1 (42. Rh1 {[%cal Yg6g5,Yg5h5]}) 42... Nb5 43. Ng4 Rf8
$2 (43... Rec8 44. Rxe6 $140 $2 Nd4 $132) 44. Nf6+ Kf7 45. Nh7+ Kxg6 46. Nxf8+
Kh6 47. Rh1+ 1-0

[Event "Tel Aviv"]
[Site "Tel Aviv"]
[Date "1992.??.??"]
[Round "7"]
[White "Davies, Nigel Rodney"]
[Black "Fishbein, Alexander"]
[Result "1/2-1/2"]
[WhiteElo "2460"]
[BlackElo "2495"]
[Annotator "Horn,Pe"]
[PlyCount "74"]
[EventDate "1992.04.??"]
[EventType "tourn"]
[EventRounds "11"]
[EventCountry "ISR"]
[EventCategory "11"]
[SourceTitle "CBM 030"]
[Source "ChessBase"]
[SourceDate "1992.10.01"]
[SourceVersion "1"]
[SourceVersionDate "1992.10.01"]
[SourceQuality "1"]

1. Nf3 Nf6 2. g3 g6 3. b4 Bg7 4. Bb2 O-O 5. d3 c6 6. Nbd2 a5 7. bxa5 (7. a3)
7... Qxa5 8. Bg2 Qb6 9. Nc4 Qc7 10. O-O d5 11. Ncd2 (11. Nce5 $6 Ng4) 11...
Nbd7 12. c4 e6 13. Qc2 Re8 14. Rfc1 (14. a4 $5) 14... Qd8 15. a4 Nh5 16. Bxg7
Nxg7 17. Nb3 dxc4 18. Qxc4 Nb6 19. Qb4 Nd5 20. Qd2 e5 21. Qb2 (21. e4 $5 Nc7 (
21... Nf6 22. Qc3 $14) 22. Qc3 f6 23. d4 $14) 21... f6 22. Nfd2 Ne6 23. Ne4 Qe7
24. a5 {/\ a6} Ndc7 25. Nec5 Na6 26. Na4 Rb8 27. e3 Rd8 28. Rd1 Nec7 29. Rac1 (
29. Qc3 Nb5) 29... Qb4 30. Nbc5 Qxb2 (30... Qxa5 31. f4 $13) 31. Nxb2 Nxc5 32.
Rxc5 Be6 33. Ra1 Ra8 34. Kf1 Bd5 35. Bxd5+ Rxd5 36. Rxd5 cxd5 (36... Nxd5 37.
Nc4 $14) 37. e4 dxe4 (37... dxe4 38. dxe4 b6 39. Nc4 bxa5 40. Rxa5 Rxa5 41.
Nxa5 $10) 1/2-1/2

[Event "Harlingen"]
[Site "Harlingen"]
[Date "1991.??.??"]
[Round "1"]
[White "Timman, Jan H"]
[Black "Piket, Jeroen"]
[Result "1-0"]
[WhiteElo "2630"]
[BlackElo "2550"]
[Annotator "Horn,Pe"]
[PlyCount "113"]
[EventDate "1991.??.??"]
[EventType "tourn"]
[EventRounds "3"]
[EventCountry "GER"]
[EventCategory "13"]
[SourceTitle "CBM 024"]
[Source "ChessBase"]
[SourceDate "1991.10.01"]
[SourceVersion "1"]
[SourceVersionDate "1991.10.01"]
[SourceQuality "1"]

1. Nf3 Nf6 2. g3 g6 3. b3 Bg7 4. Bb2 O-O 5. Bg2 a5 6. O-O a4 7. b4 d5 (7... Na6
8. a3 d5 9. d3 c5 10. b5 Nc7 11. c4 d4 12. Nbd2 Qd6 13. Ng5 Nd7 14. Ra2 $6 f5
$15 {Hartoch-Nemet, Dieren op 1988}) 8. Na3 $1 Nbd7 9. c4 Re8 10. d3 (10. cxd5
Nxd5 11. Bxg7 Kxg7 12. Qc1 $14) 10... e5 11. Qc2 c6 12. e4 Bf8 $2 (12... d4 13.
c5 (13. Bc1 $5) 13... b6 $1 14. cxb6 Qxb6 $13) 13. exd5 Bxb4 (13... cxd5 14. c5
$14) 14. dxc6 bxc6 15. c5 $1 Ba6 (15... Bxc5 16. Nxe5 Nxe5 17. Qxc5 Nxd3 18.
Bxf6 Nxc5 19. Bxd8 Rxd8 20. Bxc6) (15... Nxc5 16. Nxe5 Bxa3 (16... Rxe5 17.
Bxe5 Bxa3 18. Qc3 Qxd3 19. Qxd3 Nxd3 20. Bxf6 $18 Bb2 21. Bxb2 Nxb2 22. Bxc6
Ra7) 17. Bxa3 Rxe5 18. Bxc5 $16) (15... Qa5 $5) 16. Nc4 a3 17. Bxe5 Bxc5 (17...
Bxc4 18. Qxc4 Nxe5 19. Nxe5 Rxe5 20. Qxb4 Qxd3 21. Bxc6) 18. d4 Nxe5 (18... Bf8
19. Rfd1 $16) 19. Nfxe5 Bxd4 20. Nxc6 Qc7 21. Nxd4 Qxc4 22. Bxa8 Qxc2 23. Nxc2
Bxf1 24. Bc6 Rc8 25. Nxa3 Rxc6 26. Kxf1 Ne4 27. Re1 f5 28. Re2 Ra6 29. Nb5 Ra5
30. Rb2 Kf7 31. f3 Nc5 32. a3 Ke6 33. Rb4 Nd3 34. Rb1 Kd5 35. Ke2 Kc4 36. Nd6+
Kc3 37. Nb5+ Kc4 38. Ke3 g5 39. f4 gxf4+ 40. gxf4 Nc5 41. Rb4+ Kd5 42. Nc3+ Kc6
43. a4 Ra7 44. Rc4 Re7+ 45. Kf3 Rd7 46. Nb5 Rd3+ 47. Kg2 Kd5 48. Rc3 Rxc3 49.
Nxc3+ Kd4 50. Nb5+ Ke4 51. a5 Kxf4 52. Nc7 Ke3 53. a6 Nd7 54. Nd5+ Ke2 55. a7
f4 56. a8=Q f3+ 57. Kh3 1-0

[Event "Budapest FS10 GM"]
[Site "Budapest"]
[Date "1993.??.??"]
[Round "9"]
[White "Urban, Julian"]
[Black "Grivas, Efstratios"]
[Result "0-1"]
[WhiteElo "2340"]
[BlackElo "2505"]
[Annotator "Horn,Pe"]
[PlyCount "56"]
[EventDate "1993.10.??"]
[EventType "tourn"]
[EventRounds "11"]
[EventCountry "HUN"]
[EventCategory "9"]
[SourceTitle "CBM 038"]
[Source "ChessBase"]
[SourceDate "1994.02.01"]
[SourceVersion "1"]
[SourceVersionDate "1994.02.01"]
[SourceQuality "1"]

1. Nf3 Nf6 2. g3 b5 3. Bg2 (3. c3 $5) 3... Bb7 4. O-O e6 5. d3 d6 (5... c5) 6.
e4 Nbd7 7. a4 (7. Nbd2 Be7 8. Ne1 $5 {/\ e5}) 7... b4 8. a5 Rb8 9. Nbd2 Be7 10.
Nc4 O-O 11. Re1 d5 $146 (11... a6 12. Bf4 Ba8 13. Qe2 (13. e5 $5 $14) 13... Re8
14. h3 Bf8 $10 {Petrosian-Spassky/WM/1966}) 12. exd5 Nxd5 (12... exd5 13. a6 $5
) 13. h4 (13. a6 Ba8 14. Nfe5 $14 (14. d4 $5)) 13... c5 14. Bg5 (14. Ng5 $5)
14... h6 15. Bxe7 (15. Bd2 $5) 15... Qxe7 16. Qe2 Rfd8 17. Nfd2 (17. Nfe5 Nxe5
18. Qxe5) 17... Rbc8 18. Nb3 (18. a6 Ba8 19. Ne4 Nb8 20. Na5) 18... Nb8 $1 19.
Rad1 {White doesn't find a plan.} Nc6 20. Qh5 Nd4 21. Nxd4 cxd4 22. Re2 (22.
Qe5 $5) 22... Nf6 23. Qb5 $6 (23. Qe5 $10) 23... Bxg2 24. Kxg2 Rb8 (24... Nd5
$5) 25. Qa6 $4 (25. Qe5 Qb7+ 26. Kg1 $13) 25... Qc7 26. b3 (26. Re5 Nd7 27. Rb5
Nc5 28. Rxb8 Nxa6 $19) 26... Rd5 27. Rde1 Rbb5 28. Kg1 Rbc5 {/\ Rc6-+} 0-1

[Event "NED-ch46"]
[Site "Eindhoven"]
[Date "1991.06.23"]
[Round "11"]
[White "Bosboom, Manuel"]
[Black "Piket, Jeroen"]
[Result "1/2-1/2"]
[WhiteElo "2460"]
[BlackElo "2590"]
[Annotator "Horn,Pe"]
[PlyCount "79"]
[EventDate "1991.06.10"]
[EventType "tourn"]
[EventRounds "11"]
[EventCountry "NED"]
[EventCategory "9"]
[SourceTitle "CBM 026"]
[Source "ChessBase"]
[SourceDate "1992.02.01"]
[SourceVersion "1"]
[SourceVersionDate "1992.02.01"]
[SourceQuality "1"]

1. Nf3 Nf6 2. g3 g6 3. Bg2 Bg7 4. O-O O-O 5. d3 d6 6. e4 c5 7. e5 dxe5 8. Nxe5
Nfd7 9. Nc4 (9. Nxd7 Qxd7 10. Nc3 Nc6 $10 {Hamdouchi-Fedorowicz, Luzern 1989})
9... Nc6 (9... Nb6 10. Ne3 (10. Nba3 $5) 10... Nc6 11. Nc3 f5 12. f4 Be6 $15 {
Averbakh-Gruenfeld, Palma GMA op 1989}) 10. Re1 Nb6 11. Nba3 Be6 12. Rxe6 $5
fxe6 13. c3 Nxc4 14. Nxc4 Qd7 15. a4 Rad8 16. Be4 $146 b6 17. h4 Rf5 18. Be3
Ne5 19. Nxe5 Rxe5 20. Qg4 Rf5 21. Re1 e5 22. Ra1 Rf6 23. Qe2 Rd6 24. Kg2 Rxd3
25. Bxd3 Qxd3 26. Qxd3 Rxd3 27. a5 $2 (27. Kf3 $1 $14) 27... e4 28. Ra4 Rd1 29.
Rxe4 Kf7 30. Ra4 Rb1 31. Ra2 Be5 32. Kf3 Bd6 33. axb6 axb6 34. Ke4 b5 35. Kd3
h5 36. Kc2 Re1 37. Kd2 Rb1 38. Kc2 Re1 39. Kd3 Rb1 40. Kc2 1/2-1/2

[Event "Interzonal-15"]
[Site "Manila"]
[Date "1990.??.??"]
[Round "12"]
[White "Spraggett, Kevin"]
[Black "Sunye Neto, Jaime"]
[Result "1/2-1/2"]
[WhiteElo "2540"]
[BlackElo "2465"]
[Annotator "Horn,Pe"]
[PlyCount "127"]
[EventDate "1990.06.29"]
[EventType "swiss"]
[EventRounds "13"]
[EventCountry "PHI"]
[SourceTitle "CBM 019"]
[Source "ChessBase"]
[SourceDate "1990.12.01"]
[SourceVersion "1"]
[SourceVersionDate "1990.12.01"]
[SourceQuality "1"]

1. e4 c5 2. Nf3 d6 3. d3 g6 4. g3 Bg7 5. Bg2 Nf6 6. O-O O-O 7. Nbd2 Nc6 8. a4
b6 9. Nc4 Bb7 10. Re1 (10. Bd2 $5 Qc7 11. Re1 Rab8 (11... Rad8 $1) 12. Qc1 Rfe8
13. Bf4 Rbd8 {Botvinnik,M-Petrosian,T/Moscow/1966/} 14. e5 $1 dxe5 15. Ncxe5
Nxe5 16. Bxe5 Qc8 17. a5 $1 $14) 10... Rc8 11. c3 Nd7 $5 {S will sich auf e5
durch Tausch entlasten. Dafür verzichtet er auf ein gelegentliches d6-d5.} 12.
Ne3 (12. Nh4 $5) 12... Nce5 {Mit dem R noch auf f1 könnte dieses Manöver mit
Ne1 ausgependelt werden.} 13. Nxe5 dxe5 14. Nc4 Qc7 15. Qb3 Bc6 16. Bg5 Rfe8
17. Qa3 Nf8 18. b4 cxb4 19. Qxb4 Ne6 20. Be3 Red8 21. Bf1 Be8 22. Red1 Nc5 23.
f3 {überdeckt e4 und ermöglicht dadurch ein eventuelles d3-d4.} Qc6 24. Nb2 e6
{/\ Bf8, auch gelangt der Pd3 nicht nach d5.} 25. Qa3 (25. d4 $5 Nb7 26. Rac1
Na5) 25... Bf8 26. Qa2 Nb7 27. Nc4 Nd6 28. Nxe5 Qxc3 29. f4 Bg7 30. a5 bxa5 31.
Rdc1 Qb4 32. Rcb1 Qc3 33. Rc1 Qb4 34. Rcb1 Qc3 35. Rb3 Qc7 36. Rc1 Qe7 37. Rxc8
Rxc8 38. Qxa5 $14 f5 39. Bg2 (39. Qb4 $5) (39. Bc5 fxe4 40. dxe4 Nb7) 39...
fxe4 40. dxe4 Bxe5 41. Qxe5 Nc4 42. Qc3 Qd7 43. Rb1 Nxe3 44. Qxe3 a5 45. h4 a4
$132 46. h5 gxh5 47. Kh2 Qg7 48. Qb6 Bf7 49. Qa6 Qc3 50. Rb5 h6 51. Ra5 h4 52.
gxh4 Kh7 53. Rxa4 Rg8 54. Ra3 Qf6 55. Qf1 Qxh4+ 56. Rh3 Qf6 57. e5 Qf5 58. Re3
Bg6 59. Bh3 Qh5 60. Qf3 Qxf3 61. Rxf3 Bf5 62. Bxf5+ exf5 63. Rd3 Rg4 64. Rd4
1/2-1/2

[Event "EU-Cup 13th Group2"]
[Site "Eupen"]
[Date "1997.09.24"]
[Round "3"]
[White "Kengis, Edvins"]
[Black "Lehtivaara, Petri"]
[Result "1-0"]
[WhiteElo "2590"]
[BlackElo "2370"]
[Annotator "Horn,Pe"]
[PlyCount "69"]
[EventDate "1997.09.22"]
[EventType "team-k.o."]
[EventRounds "3"]
[EventCountry "BEL"]
[SourceTitle "EXT 2020"]
[Source "ChessBase"]
[SourceDate "2019.10.17"]
[SourceVersion "1"]
[SourceVersionDate "2019.10.17"]
[SourceQuality "1"]
[WhiteTeam "Liepaja Baltika"]
[BlackTeam "London Barbican"]
[WhiteTeamCountry "LAT"]
[BlackTeamCountry "ENG"]

1. Nf3 Nf6 2. g3 b5 3. Bg2 Bb7 4. Na3 {Dieses Man�ver gegen ein fr�hes
Pb7-b5 hat sich inzwischen viele Anh�nger. Man kann diese Methode auch ein
wenig sp�ter anwenden.} a6 (4... b4 5. Nc4) 5. c4 bxc4 (5... e6 6. cxb5 (6.
b3 c6 {->5....c6} (6... Be7 7. O-O b4 {-> 5....b4} (7... bxc4 8. Nxc4 a5 9. Bb2
O-O 10. Qc2 a4 $2 11. bxa4 Na6 $2 12. Ng5 $18 {Loginov,V-Weiss,C/Oberwart op/
1996}))) 6... Bxa3 7. bxa6 Nxa6 8. bxa3 O-O 9. Qc2 d6 10. O-O e5 11. d4 Be4 12.
Qd2 exd4 13. Nxd4 Bxg2 14. Kxg2 Qd7 15. f3 c5 16. Nc2 Rab8 17. e4 $14 {Sulava,
N-Horvath,C/Osijek/1993}) (5... e5 $5 {Diese energische Fortsetzung verdient
sicher die Aufmerksamkeit der Anh�nger (und Gegner) von 2...b5.} 6. cxb5 (6.
b3 e4 7. Ng5 d5 8. O-O h6 9. Nh3 Bd6 10. d3 O-O 11. Nf4 dxc4 12. dxc4 Qe7 13.
Nc2 Rd8 14. Qe1 Nc6 15. Be3 Be5 $15 {Spassov,L-Rashkovsky,N/Cappelle op/1989})
6... Bxa3 7. bxa3 (7. bxa6 $2 Bxf3 8. Bxf3 e4 $19 {Das ist eine der Pointen
von 5... e5.}) 7... axb5 8. Qb3 O-O 9. O-O (9. Qxb5 Ba6 10. Qb3 e4 $44) 9...
Bxf3 10. Bxf3 c6 $10 {Dizdar,G-Razuvaev,Y/BL9091/1991}) (5... c6 6. O-O e6 7.
b3 Qa5 (7... d5 8. d4 Nbd7 9. c5 Ne4 10. Nd2 Nxd2 11. Qxd2 e5 12. Nc2 e4 $13 {
Popchev, M-Donchev,D/Bulgaria-ch/1988}) 8. Nc2 c5 9. Bb2 Be7 10. d3 O-O 11. e4
d6 12. Nd2 Nc6 13. f4 Nd7 $13 {Spassov,L-Donchev,D/Chartres open/1990}) (5...
b4 6. Nc2 c5 (6... e6 7. b3 (7. O-O Be7 8. a3 a5 9. axb4 axb4 10. Rxa8 Bxa8 11.
d4 c5 12. d5 exd5 13. Nh4 Ne4 14. Nf5 $16 {Loginov,V-Jeric,S/Budapest ExpFS
AugGM/ 1993}) 7... d5 (7... Be7 8. O-O O-O 9. Bb2 (9. d4 a5 10. a3 Na6 11. axb4
Nxb4 12. Bd2 c5 13. Nxb4 axb4 $10 {Ninov,K-Vogel,J/Groningen op/1988}) 9... Qc8
$6 10. d3 a5 11. e4 d6 12. Nd2 Nbd7 13. d4 Ne8 14. Ne3 g6 15. f4 $16 {
Krojanski, H-Jaeckle,M/Dortmund op-A/1992}) 8. cxd5 exd5 9. O-O Bd6 10. a3 bxa3
11. Bxa3 O-O 12. d4 Re8 13. Ne3 Ne4 14. Qc1 Bxa3 15. Rxa3 $14 {Loginov,
V-Parkanyi,A/ Zalakaros op/1994}) 7. O-O (7. d4 e6 $6 (7... cxd4 8. Nxb4 $6 e5
$1 $15) 8. d5 $1 exd5 9. Nh4 $16) 7... e6 (7... Qc7 $6 8. d4 cxd4 9. Ncxd4 d6 (
9... Qxc4 10. Bd2) 10. Qa4+ Nbd7 11. Qxb4 e5 12. Nb3 a5 13. Qc3 a4 14. Nbd2 Be7
15. Nh4 g6 16. Bxb7 Qxb7 17. b4 $16 {Keene-Damjanovic/Strasbourg op/1973}) 8.
d4 (8. b3 Be7 9. Bb2 O-O 10. d4 d6 $14 {Larsen-Ljubojevic, Teesside 72}) 8...
cxd4 (8... d5 9. cxd5 Bxd5 10. Ne3 Bb7 11. Nc4 Nbd7 12. Bf4 Nb6 13. Rc1 Rc8 14.
dxc5 Bxc5 15. Nd6+ $14 {Loginov,V-Szczygiel,A/Wisla BES/1992}) (8... a5 9. d5
$6 exd5 10. Nh4 g6 11. cxd5 d6 12. b3 Bg7 13. Bb2 O-O 14. Ne3 Nbd7 15. Nc4 Nb6
$15 {Nicolaide-Armas,I/Predeal/1987}) 9. Ncxd4 (9. Nfxd4 Bxg2 10. Kxg2 Qc7 11.
Qd3 Nc6 12. Nxc6 Qxc6+ 13. Qf3 Rc8 14. Qxc6 Rxc6 15. b3 d5 16. Ne3 dxc4 17.
Nxc4 Be7 18. Bb2 $14 {Murugan,K-Cooper,L/BCF-ch/1989}) 9... Qb6 $1 (9... Be7
10. a3 (10. Bf4 O-O 11. Rc1 Qb6 12. Nb3 Rc8 (12... d6 $5) 13. c5 $5 $16 {
Vaganian, R-Popovic,P/Sarajevo/1987}) 10... bxa3 11. b3 O-O 12. Bxa3 Bxa3 13.
Rxa3 Qe7 14. Qa1 d5 15. Rc1 $14 {Lputian,S-Panchenko,A/USSR/1990}) 10. a3 Nc6
11. b3 Nxd4 12. Nxd4 Bxg2 13. Kxg2 bxa3 14. Bxa3 Bxa3 15. Rxa3 O-O 16. Qa1 Rfc8
17. Rc1 d5 $10 {Loginov,V-Grosar,A/Budapest/1994}) 6. Nxc4 c5 7. Qb3 Bd5 (7...
Ra7) (7... Qc7) 8. Nfe5 $1 Nc6 (8... Bxg2 $4 9. Nd6+ exd6 10. Qxf7#) 9. Bxd5
Nxd5 10. Nxc6 (10. Nb6 Nxe5 11. Qxd5 Rb8 12. Na4 (12. Qxe5 d6) 12... Nc6 13.
Qxc5) 10... dxc6 11. O-O e6 12. Qa4 Qc7 13. d3 Qb7 14. e4 Nf6 (14... Nb4 15.
Qb3 Qb5) 15. Bf4 Rd8 16. Rfd1 Qb5 17. Qc2 Be7 18. Bc7 Rd4 19. a4 Qb7 20. Be5
Rd8 21. Ra3 O-O 22. Rb3 Qa7 23. Rb6 Nd7 (23... Nd5 24. exd5 (24. Rxc6 $2 Nb4)
24... cxd5 25. Rc6 dxc4 26. Qxc4) 24. Rxc6 Nxe5 25. Nxe5 Rb8 26. d4 Rfd8 27. d5
exd5 28. exd5 Qb7 29. Qf5 Bd6 30. Nc4 Bf8 31. Rb6 Qc7 32. d6 Qa7 33. a5 Rbc8
34. Qd5 Qa8 35. Rb7 1-0

[Event "Podgorica"]
[Site "Podgorica"]
[Date "1993.??.??"]
[Round "4"]
[White "Kosic, Dragan"]
[Black "Makarov, Marat"]
[Result "0-1"]
[WhiteElo "2455"]
[BlackElo "2515"]
[Annotator "Horn,Pe"]
[PlyCount "118"]
[EventDate "1993.02.??"]
[EventType "tourn"]
[EventRounds "13"]
[EventCountry "YUG"]
[EventCategory "10"]
[SourceTitle "CBM 036"]
[Source "ChessBase"]
[SourceDate "1993.10.01"]
[SourceVersion "1"]
[SourceVersionDate "1993.10.01"]
[SourceQuality "1"]

1. Nf3 Nf6 2. g3 g6 3. b3 Bg7 4. Bb2 c5 5. Bg2 d5 6. O-O O-O 7. d4 (7. c4 $1
$10) 7... cxd4 $146 (7... Nc6 8. dxc5 Qa5 {Dueball}) 8. Bxd4 $6 (8. Nxd4 e5 9.
Nf3 e4 10. Nd4 $13) 8... Nc6 9. Bb2 Qc7 10. Nc3 $6 (10. Na3 {/\ c4} Rd8) 10...
Rd8 11. Nb5 Qb6 12. Nbd4 Na5 13. Qc1 (13. Rb1) (13. Ne5) 13... Ne4 14. e3 e5
$17 15. Ne2 Nc6 16. c4 dxc4 17. Qxc4 Bf5 18. Rfd1 Rac8 19. Rxd8+ Qxd8 20. Qb5
a6 $1 21. Qa4 (21. Qxb7 $4 Nc5 $19) 21... Nc5 22. Qh4 Qxh4 23. Nxh4 Bg4 24. f3
Be6 25. Bf1 (25. Rd1 $2 g5 $19) 25... Nb4 26. Ng2 Ncd3 27. Bc3 Nd5 28. Rd1 (28.
Be1 Rc2) 28... Nxc3 29. Nxc3 Nb4 30. Bc4 Bxc4 31. bxc4 Rxc4 32. Rd8+ Bf8 33.
Ne4 Kg7 34. Rd7 h6 35. Rxb7 Nxa2 36. Ne1 Nb4 37. Kf2 a5 38. Ra7 Nc6 39. Ra6 Bb4
40. Ke2 Ne7 41. Nd3 Rc2+ 42. Kd1 Rxh2 43. Nxe5 Nd5 44. Nc4 Nc3+ 45. Nxc3 Bxc3
46. Ra7 Rg2 47. Nxa5 Rxg3 48. Ke2 Bxa5 49. Rxa5 Rg2+ 50. Kf1 Rb2 51. e4 h5 52.
Kg1 h4 53. Rc5 h3 54. Rg5 Kf6 55. f4 Re2 56. Re5 Rg2+ 57. Kh1 Rf2 58. Re8 Rxf4
59. Kh2 Rf3 0-1